Алмазоносные флюидно-эксплозивные образования Пермского Приуралья

Bibliographic Details
Corporate Authors: Всероссийский научно-исследовательский геологический институт им. А. П. Карпинского (ВСЕГЕИ), Пермгеологодобыча Закрытое акционерное общество, Межрегиональный центр по геологической картографии (Геокарт)
Summary:В работе впервые приводятся фактические материалы пятнадцатилетнего цикла геологосъемочных, поисковых и научно-исследовательских работ на алмазы, которые привели к открытию в Пермском крае двух месторождений и большого числа проявлений источников округлых алмазов. Главная цель подготовленной работы — изложение основных прогнозно-поисковых критериев и методики выявления месторождений нетрадиционного типа на Урале и в других регионах России, для которых коренные источники алмазов уральского (бразильского) типа не установлены.Работа содержит большой объем информации по особенностям геологического строения алмазоносных районов, узлов, полей и тел флюидно-эксплозивных образований. Детальное изучение вещественного состава позволило разработать методику выявления и картирования в сильной степени измененных алмазоносных туффизитов и их брекчий.Для геологов широкого профиля, занимающихся геологической съемкой и поисками алмазов, а также осуществляющих исследования в области минерагении, петрологии, минералогии, региональной геологии.
Language:Russian
Published: Москва, Геокарт, 2011
Series:Серия аналитических обзоров "Очерки по региональной геологии России" Вып. 5
Subjects:
Format: MixedMaterials Book
KOHA link:https://koha.lib.tpu.ru/cgi-bin/koha/opac-detail.pl?biblionumber=225098

MARC

LEADER 00000nam0a2200000 4500
001 225098
005 20231101230635.0
010 |a 9785891185593 
035 |a (RuTPU)RU\TPU\book\245429 
090 |a 225098 
100 |a 20121106d2011 k y0rusy50 ca 
101 0 |a rus 
102 |a RU 
105 |a a z 001zy 
200 1 |a Алмазоносные флюидно-эксплозивные образования Пермского Приуралья  |f Всероссийский научно-исследовательский геологический институт им. А. П. Карпинского (ВСЕГЕИ) ; Пермгеологодобыча, Закрытое акционерное общество ; Межрегиональный центр по геологической картографии (Геокарт) 
210 |a Москва  |c Геокарт  |c Геос  |a Санкт-Петербург  |c Изд-во ВСЕГЕИ  |d 2011 
215 |a 240 с.  |c ил. 
225 1 |a Серия аналитических обзоров "Очерки по региональной геологии России"  |v Вып. 5 
320 |a Библиогр.: с. 225-236. 
330 |a В работе впервые приводятся фактические материалы пятнадцатилетнего цикла геологосъемочных, поисковых и научно-исследовательских работ на алмазы, которые привели к открытию в Пермском крае двух месторождений и большого числа проявлений источников округлых алмазов. Главная цель подготовленной работы — изложение основных прогнозно-поисковых критериев и методики выявления месторождений нетрадиционного типа на Урале и в других регионах России, для которых коренные источники алмазов уральского (бразильского) типа не установлены.Работа содержит большой объем информации по особенностям геологического строения алмазоносных районов, узлов, полей и тел флюидно-эксплозивных образований. Детальное изучение вещественного состава позволило разработать методику выявления и картирования в сильной степени измененных алмазоносных туффизитов и их брекчий.Для геологов широкого профиля, занимающихся геологической съемкой и поисками алмазов, а также осуществляющих исследования в области минерагении, петрологии, минералогии, региональной геологии. 
606 1 |a Алмазные месторождения  |x Поиски и разведка  |2 stltpush  |3 (RuTPU)RU\TPU\subj\1816  |9 30490 
610 1 |a алмазоносность 
610 1 |a алмазоносные породы 
610 1 |a Урал 
610 1 |a глубинное строение 
610 1 |a геология 
610 1 |a магматизм 
610 1 |a алмазоносные районы 
610 1 |a рудные районы 
610 1 |a геологическое строение 
610 1 |a флюидно-эксплозивные породы 
610 1 |a геохимические особенности 
610 1 |a минералогические особенности 
610 1 |a алмазы 
610 1 |a генезис 
610 1 |a прогнозирование 
610 1 |a оценка 
675 |a 553.81:550.8  |v 3 
712 0 2 |a Всероссийский научно-исследовательский геологический институт им. А. П. Карпинского (ВСЕГЕИ)  |c (Санкт-Петербург)  |c (1991- )  |2 stltpush  |3 (RuTPU)RU\TPU\col\414 
712 0 2 |a Пермгеологодобыча  |b Закрытое акционерное общество  |2 stltpush  |3 (RuTPU)RU\TPU\col\18794  |9 27203 
712 0 2 |a Межрегиональный центр по геологической картографии (Геокарт)  |c (Москва)  |2 stltpush  |3 (RuTPU)RU\TPU\col\228 
801 1 |a RU  |b 63413507  |c 20121106 
801 2 |a RU  |b 63413507  |c 20130521  |g RCR 
942 |c BK 
959 |a 145/20121106  |d 1  |e 700,00  |f ЧЗТЛ:1